000 00454nam a2200157 4500
001 121796
003 ES-MaACL
005 20230906191828.0
007 t|
008 070214s1918 sp r ||||1| spa d
100 1 _aPortolá, Felipe.
_993292
245 1 0 _aTopografía médica del concejo de Gijón /
_cpor Felipe Portolá.
260 _aMadrid :
_b[s.n.],
_c1918 (
_fEst. Tip. `El Liberal`)
300 _a314 p. ;
_c25 cm.
852 _aES-MaACL
_jF-1732
999 _c121796
_d121796